|
|
|
|
| LEADER |
00950naa a2200241 i 4500 |
| 001 |
publ34566 |
| 005 |
20240910090838.0 |
| 008 |
240910s2017 hu o 000 hun d |
| 020 |
|
|
|a 9789633153253
|
| 024 |
7 |
|
|a 3249950
|2 mtmt
|
| 040 |
|
|
|a SZTE Publicatio Repozitórium
|b hun
|
| 041 |
|
|
|a hun
|
| 100 |
1 |
|
|a Málovics György
|
| 245 |
1 |
0 |
|a Kinek a részvétele?
|h [elektronikus dokumentum] :
|b Mélyszegény társadalmi csoportok valós részvételi lehetősége a helyi fejlesztési döntésekben /
|c Málovics György
|
| 260 |
|
|
|a JATE Press Szegedi Egyetemi Kiadó
|b Szeged
|c 2017
|
| 300 |
|
|
|a 28
|
| 300 |
|
|
|a 161-188
|
| 490 |
0 |
|
|a Helyi gazdaságfejlesztés a képességszemlélet alapján
|
| 650 |
|
4 |
|a Közgazdasági és gazdálkodástudományok
|
| 700 |
0 |
1 |
|a Juhász Judit
|e aut
|
| 700 |
0 |
2 |
|a Méreiné Berki Boglárka
|e aut
|
| 700 |
0 |
2 |
|a Tóth Janka
|e aut
|
| 856 |
4 |
0 |
|u http://publicatio.bibl.u-szeged.hu/34566/1/kinekareszvetele.pdf
|z Dokumentum-elérés
|